Loading...
Mahanmaraya sasthranjanmar tr by P A Vasudevan&Rathi /
| Main Author: | |
|---|---|
| Other Authors: | |
| Language: | Undetermined |
| Published: |
Prabhatham :
Tvpm ,
1994.
|
| Subjects: |
| LEADER | 00558nam a2200181Ia 4500 | ||
|---|---|---|---|
| 001 | 10935 | ||
| 008 | 170722s9999 xx 000 0 und d | ||
| 100 | |a Thomas, Henry | ||
| 245 | |a Mahanmaraya sasthranjanmar tr by P A Vasudevan&Rathi / | ||
| 260 | |a Prabhatham : |b Tvpm , |c 1994. | ||
| 300 | |a 333 p. | ||
| 653 | |a Biography | ||
| 653 | |a Science | ||
| 653 | |a World | ||
| 700 | |a Thomas, Dana Lee | ||
| 942 | |c GEN | ||
| 999 | |c 114173 |d 114173 | ||
| 952 | |0 0 |1 0 |4 0 |6 AW_1M79_32N4_GB |7 0 |8 CR |9 161114 |a LIB |b LIB |d 2013-03-25 |h CR |o Aw1,M79 32N4, GB |p 218033 |r 2017-08-12 |w 2017-08-12 |y GEN | ||